Nova gamática de português (Registo nº 1402)

Detalhes MARC
000 -Etiqueta do registo
Cabeçalho 01203nam a2200349 4500
005 - Identificador da versão
Campo de controlo 20240813121835.0
010 ## - Número internacional normalizado dos livros (ISBN)
Número (ISBN) 9789727618866
021 ## - Número do Depósito Legal
Código do país PT
Número 321991/11
035 ## - Other System Control Numbers
System Control Number (bn)1817400
System Control Number 2485741
003 - Persistent Record Identifier
control field http://catalogo.bnportugal.pt/ipac20/ipac.jsp?profile=bn&uri=full=3100024~!1817400~!0
100 ## - Dados gerais de processamento
Dados gerais de processamento 20120820d2011 d y0pory5003 ba
102 ## - Pais de publicação ou produção
País de publicação Portugal
101 0# - Língua de publicação
Língua do texto, banda sonora, etc. Português
106 ## - Campo de dados codificados: material textual
Dados codificados do material textual r
105 ## - Campo de dados codificados: livros
Dados codificados dos livros a z 001yy
215 ## - Descrição física 
Indicação específica da natureza do documento e extensão da espécie 192 p.
Outras indicações físicas il.
Dimensões 28 cm
200 1# - Titulo e menção de responsabilidade
Título próprio Nova gamática de português
Informação de outro título 2o ciclo do ensino básico
-- conforme o dicionário terminológico
Primeira menção de responsabilidade dir. Sílvia Vasconcelos
Outras menções de responsabilidade rev. cient. Dulce Pereira
225 2# - Colecção 
Título próprio da colecção Educação eficaz
205 ## - Menção da edição
Menção da edição 1a ed.
Outras menções de edição 2a tir
210 ## - Publicação, Distribuição, etc. 
Lugar da edição, distribuição, etc. Carnaxide
Nome do editor, distribuidor, etc. Santillana
Data da publicação, distribuição, etc. cop. 2011
320 ## - Nota relativa a bibliografia e índices internos 
Texto da nota Bibliografia, p. 192
300 ## - Notas gerais 
Texto da nota Conforme o novo Acordo Ortográfico da língua portuguesa
606 ## - Nome comum usado como assunto
Número de registo de entrada de autoridade 0001990
Palavra de ordem Língua portuguesa
Subdivisão de assunto Gramática
Form Subdivision [Manuais de ensino básico]
Código do sistema SIPOR
675 ## - Classificação Decimal Universal (CDU)
Notação 811.134.3'36(075.2)
Edição BN
Língua da edição por
702 #1 - Nome de autor-pessoa física (responsabilidade secundária)
Número de registo de entrada de autoridade 0001997
Palavra de ordem Pereira
Outra parte do nome não tomada para palavra de ordem Dulce
Datas 1954-
Código de função Consultor científico
Número de registo de entrada de autoridade 0001998
Palavra de ordem Vasconcelos
Outra parte do nome não tomada para palavra de ordem Sílvia
Código de função Editor literário / Coordenador
966 ## - Identificação da Biblioteca
Sigla NUMETECA
942 ## - Elementos de entrada adicionados (Koha)
Tipo de item no Koha Livro
Exemplares
Situação do levantamento Origin of item (home branch) (coded) Biblioteca de empréstimo Código de barras Cota Circulation type (not for loan) Tipo de documento Nota do exemplar Damaged status
  Biblioteca Escolar Eng. Nuno Mergulhão Biblioteca Escolar Eng. Nuno Mergulhão BENM3485 | 2011 811 GRA PER   Cativo Sem mensagem